Score 0/51 Timer 15:00
0 Plays Today
Hint Answer % Correct
1st Generation, AKB48 Team BIkoma Rina
96%
1st GenerationShiraishi Mai
96%
1st GenerationNishino Nanase
92.9%
1st GenerationIkuta Erika
92.4%
1st GenerationHashimoto Nanami
92.4%
1st GenerationFukagawa Mai
89.7%
1st GenerationMatsumura Sayuri
87.9%
SKE48 Kennin MemberMatsui Rena
87.5%
1st GenerationSakurai Reika
87.1%
2nd GenerationHori Miona
86.6%
1st GenerationSaito Asuka
85.3%
2nd GenerationShinuchi Mai
85.3%
1st GenerationAkimoto Manatsu
83.9%
1st GenerationSaito Chiharu
83.5%
1st GenerationSaito Yuri
83%
1st GenerationTakayama Kazumi
82.6%
1st GenerationHoshino Minami
81.3%
1st GenerationWakatsuki Yumi
80.4%
1st GenerationInoue Sayuri
78.6%
1st GenerationIto Marika
77.7%
2nd GenerationIto Karin
76.8%
2nd Generation, KenkyuuseiIto Junna
76.8%
1st GenerationEto Misa
75.4%
1st Generation, GraduatedIto Nene
74.6%
2nd Generation, KenkyuuseiYamazaki Rena
74.1%
1st Generation, GraduatedIchiki Rena
71.9%
Hint Answer % Correct
1st GenerationWada Maaya
71.9%
1st GenerationNoujo Ami
71%
2nd Generation, GraduatedNishikawa Nanami
67.4%
1st GenerationNakamoto Himeka
66.5%
1st GenerationNagashima Seira
66.5%
2nd Generation, KenkyuuseiWatanabe Miria
65.6%
1st GenerationNakada Kana
65.2%
1st GenerationKawago Hina
64.3%
1st Generation, GraduatedYamato Rina
63.4%
1st GenerationHatanaka Seira
62.9%
1st GenerationKawamura Mahiro
61.6%
2nd Generation, KenkyuuseiTerada Ranze
61.2%
1st GenerationMiyazawa Seira
59.8%
1st GenerationHiguchi Hina
58%
2nd Generation, KenkyuuseiSasaki Kotoko
55.8%
2nd GenerationKitano Hinako
55.4%
2nd Generation, KenkyuuseiSuzuki Ayane
55.4%
2nd Generation, KenkyuuseiSagara Iori
54.9%
1st Generation, GraduatedAndo Mikumo
42.4%
1st Generation, GraduatedYamamoto Honoka
39.7%
1st Generation, GraduatedYoshimoto Ayaka
38.8%
1st Generation, GraduatedIwase Yumiko
37.9%
2nd Generation, GraduatedYonetoku Kyoka
36.2%
1st Generation, GraduatedKashiwa Yukina
35.7%
2nd Generation, GraduatedYada Risako
34.8%
Remove Ads.
Support Sporcle.
Get the best of Sporcle when you Go Orange. This ad-free experience offers more features, more stats, and more fun while also helping to support Sporcle. Thank you for becoming a member.

You're not logged in!

Compare scores with friends on all Sporcle quizzes.
OR
Log In

Show Comments

Extras

Created Jan 14, 2015ReportNominate
Tags:akb48

Top Quizzes Today


Score Distribution

Your Account Isn't Verified!

In order to create a playlist on Sporcle, you need to verify the email address you used during registration. Go to your Sporcle Settings to finish the process.

Report this User

Report this user for behavior that violates our Community Guidelines.

Details: